[Event "Gashimov Memorial 4th"]
[Site "Shamkir"]
[Date "2017.04.28"]
[Round "7"]
[White "Eljanov, Pavel"]
[Black "So, Wesley"]
[Result "1/2-1/2"]
[WhiteElo "2751"]
[BlackElo "2822"]
[Annotator "Yermolinsky,A"]
[PlyCount "82"]
[EventDate "2017.04.21"]
[EventType "tourn"]
[EventRounds "9"]
[EventCountry "AZE"]
[EventCategory "21"]
[SourceTitle "CBM 178"]
[Source "ChessBase"]
[SourceDate "2017.05.14"]
[SourceVersion "1"]
[SourceVersionDate "2017.05.14"]
[SourceQuality "1"]

1. Nf3 d5 2. g3 {Even Pavel Eljanov, the classically trained 1.d4 player,
cannot resist the modern fashion.} Bg4 3. Bg2 c6 4. O-O Nd7 5. h3 Bh5 6. d4 e6
7. c4 Be7 $5 {Wesley employs a fancy move order} ({designed to avoid} 7... Ngf6
8. cxd5 exd5 9. Qb3 Qb6 10. Qe3+ Be7 11. Nh4 Bg6 12. Nc3 {as played with White
by Vachier-Lagrave.}) 8. Nc3 ({Now} 8. cxd5 exd5 9. Qb3 Qb6 10. Qe3 {offers
Black an attractive option in} O-O-O 11. Nc3 Bd6) 8... dxc4 {Normally Black
doesn't mix early development of his light-squared bishop with this typical
Slav pawn grab. Wesley So has no such inhibitions.} ({Otherwise White might
try something like} 8... Ngf6 9. cxd5 exd5 10. Ne5 Bg6 11. f4) 9. b3 $1 {
Pavel Eljanov doesn't mind turning it into a real gambit. The same approach 
(in similar positions) has recently been tried by Mamedyarov and Nakamura.} ({
Perhaps, White doesn't have a better choice. A standard Catalan reaction would
be} 9. Ne5 {but after} Nxe5 10. dxe5 Qxd1 11. Rxd1 {Black can choose the
dynamic} f6 $5 12. Bf4 fxe5 13. Bxe5 Nf6) ({I guess, one might consider} 9. a4
{but} a5 10. e4 Ngf6 11. Qe2 O-O 12. Qxc4 Bxf3 13. Bxf3 e5 {must be OK for
Black.}) 9... cxb3 10. Qxb3 Ngf6 $5 {A very remarkable decision. Wesley
immediately gives back the pawn in order to facilitate his development.} (10...
Qb6 11. Qa4 Bg6 12. e4 Ngf6 13. Rb1 Qc7 14. Bf4 Qc8 15. Nh4 {is exactly what
White would like to see: Black is on the back foot, cramped and under the
threat of d4-d5.}) 11. Qxb7 O-O 12. Bf4 Qa5 13. g4 $5 ({The knight is awkward
to protect:} 13. Rfc1 Ba3 14. Rc2 Bg6 $17) ({while} 13. Ne4 Nxe4 14. Qxd7 Bf6 {
gives Black active play.}) 13... Bg6 14. g5 Nh5 15. Bd2 (15. Qxd7 Nxf4 16. Qxe7
Qxc3 {heavily favours Black.}) 15... Rfd8 16. Qxc6 Rac8 17. Qb5 Qxb5 18. Nxb5
a6 19. Na7 $5 {I like Pavel's spirit.} ({He didn't fancy going back:} 19. Nc3
Ba3 20. Rad1 Bc2 21. Rde1 {Here despite White's material advantage his game is
really awkward.}) 19... Rc7 20. Ba5 Rxa7 21. Bxd8 Bxd8 22. Rfc1 {How to
evaluate this position? Many factors come into play: White's control over the
c-file, Black's back rank, White's somewhat over-extended kingside, the
out-of-play position of the Nh5. My best guess, they all cancel each other out,
and the game is roughly balanced. The remaining play seems to confirm it.} Kf8
23. e3 {Naturally Black's Nh5-f4 had to be stopped.} Be4 24. Rc8 Ke7 25. Nd2
Bxg2 26. Kxg2 f6 27. h4 g6 28. Ne4 ({One suggestion I can make for White is to
choose a different route for the knight.} 28. Nc4 {hoping for} Ng7 $2 (28... f5
{is a better try. After} 29. Rb1 Ng7 30. f4 Ne8 31. Kf3 Rc7 32. Rxc7 Bxc7 33.
Rb7 Nb8 {Black seems to be defending his a-pawn, but White can go on by
opening the h-file:} 34. h5 Kd7 35. hxg6 hxg6 36. Rb1 {etc.}) 29. gxf6+ Nxf6
30. Ne5 $1 Rc7 31. Nc6+ Kd7 32. Rxd8+ Kxc6 33. Rc1+ Kb7 34. Rxc7+ Kxc7 35. Ra8
Kb7 36. Rf8 {This looks really good for White.}) 28... f5 29. Nc5 Nxc5 {
I wonder if there was a real need for Black to do this.} (29... Ng7) 30. dxc5
Rc7 31. Ra8 $1 {This goes against the common wisdom of always trading a pair
of rooks to get to the pure form of R vs 2 pieces.} ({The problem with} 31.
Rxc7+ {though, is that White cannot bring his king over to help the c-pawn.}
Bxc7 32. Rd1 Ng7 33. f4 a5 34. Kf3 Nh5 35. Ke2 $5 Ng3+ 36. Kf3 (36. Kd3 $2 Kd7
{if White loses the c-pawn it'll be Black trying for a win.}) 36... Nh5 (36...
Ne4 {no need for} 37. c6 Nc5 38. h5) 37. Rd2 Ng7 $11 {etc. Neither side can
make progress.}) 31... Rxc5 32. Rd1 $6 {An unfortunate move that cost Pavel
his remaining chances.} (32. Rxa6 e5 33. a4 Ba5 34. Rb1 Bc7 35. Rb5 Rc2 {
Most likely Black is in time with his counterplay against the white king.})
32... Bc7 33. Rh8 Be5 $1 34. Rhd8 (34. Rxh7+ Bg7 {leaves the rook arrested.})
34... Rc7 35. Ra8 f4 36. e4 Rc3 37. f3 Ng3 38. Rxa6 Rc2+ 39. Kh3 Rc3 40. Kg2 (
40. Rb1 {only looks attractive. In fact the black king is safe, and once he
gets his knight to a better square, it's going to be White worrying about the
outcome.} Bc7 41. Kg2 Rc2+ 42. Kh3 Ne2) 40... Rc2+ 41. Kh3 Rc3 ({On the other
hand Black will risk losing if he attempts to keep the game going:} 41... Ne2
42. Ra7+ Bc7 43. a4 e5 44. a5 Nd4 45. a6 Kd6 46. Ra1) 1/2-1/2

[Event "USA-ch"]
[Site "Saint Louis"]
[Date "2017.04.09"]
[Round "11"]
[White "Nakamura, Hikaru"]
[Black "Akobian, Varuzhan"]
[Result "1-0"]
[WhiteElo "2793"]
[BlackElo "2645"]
[Annotator "Yermolinsky,A"]
[PlyCount "111"]
[EventDate "2017.03.29"]
[EventType "tourn"]
[EventRounds "11"]
[EventCountry "USA"]
[EventCategory "18"]
[SourceTitle "CBM 178"]
[Source "ChessBase"]
[SourceDate "2017.05.14"]
[SourceVersion "1"]
[SourceVersionDate "2017.05.14"]
[SourceQuality "1"]

1. Nf3 Nf6 2. g3 d5 3. Bg2 c6 4. O-O Bg4 5. h3 Bxf3 6. Bxf3 Nbd7 7. d4 e6 {
A little timid.} ({According to general principles of development and control
over the centre} 7... e5 8. dxe5 Nxe5 9. Bg2 Bc5 {has to be the right plan.})
8. Nd2 Be7 9. e4 dxe4 10. Nxe4 Nxe4 11. Bxe4 Nf6 12. Bg2 Qb6 13. c3 O-O 14. Qe2
Rfe8 15. Kh2 Rad8 16. b4 a5 {Black has to seek some counterplay somewhere.} 17.
bxa5 $6 ({As far as I can see there was nothing wrong with} 17. a3 $14) 17...
Qxa5 18. Bd2 Qa4 19. Rfb1 Rd7 20. Rb3 Rc8 21. Be1 b5 22. Rc1 c5 $2 {Akobian
worried about c3-c4, but the remedy could be worse than the disease.} ({
Black had an interesting idea in} 22... Qc4 23. Qxc4 bxc4 {At first sight it
seems like this pawn is going to fall, but after} 24. Rbb1 Ra7 25. Bf1 Ra4 {
Black manages to stabilise the situation which is not entirely unfavorable for
him, as White's Be1 will be dominated by Black's Nd5.}) 23. d5 $2 {One of
those moves Hikaru would have a hard time explaining.} (23. dxc5 Rxc5 24. Rcb1
{would pick off the loose b5-pawn and let Black worry about his compensation.})
23... exd5 24. Rxb5 c4 {Suddenly, Black is for choice.} 25. Rcb1 Bd6 26. Qd1 {
This was the only move in the entire game Hikaru took considerable time on.} ({
He didn't want to part with the a-pawn:} 26. Bd2 Qxa2 27. Qd1 {which
objectively may have been the better choice.}) ({While} 26. Qb2 {decentralises
the queen, and likely will be harshly punished by} h5 $1 {etc.}) 26... Qxd1 $4
{The marks go for taking a wrong turn at a critical junction. It is mainly a
mental error of trying to "escape" with a draw from a better position.} (26...
Qa7 {just had to be played. Regardless of any tournament situation Black needs
to keep his queen on the board. Varuzhan just couldn't bring himself to take
any risk, and I wonder why. Wasn't a chance to win it all worth trying?} 27. a4
Re8 28. a5 $2 Rde7 {is one sample line which illustrates Black's potential.})
27. Rxd1 Be7 28. a4 Ra8 29. a5 Bd8 30. Ra1 Rda7 31. Bxd5 Nxd5 32. Rxd5 Bxa5 33.
Bd2 h6 34. Be3 Ra6 35. Ra3 Bc7 36. Rxa6 Rxa6 37. Rc5 Bd6 38. Rc8+ Kh7 39. Rxc4
Be5 40. Rc8 Ra3 ({For better or worse Black had to try something like} 40... g5
41. c4 Kg6 42. Kg2 f5) 41. c4 Kg6 $2 42. Kg2 h5 43. Re8 $1 {A great one from
Nakamura.} f6 44. Re7 $1 {Now the black king is tied down to g7, and it really
looks bad for Black.} Rc3 45. c5 Kh7 $2 46. Kf1 Rc4 47. Ke2 Kg6 48. Kd3 Rc3+
49. Ke4 h4 50. g4 Bh2 51. f4 Rc2 52. Kd3 Ra2 53. c6 Ra6 54. c7 Rc6 55. Kd4 f5
56. Kd5 1-0

[Event "SWE-ch"]
[Site "Linkoping"]
[Date "2001.07.01"]
[Round "1"]
[White "Karlsson, Lars"]
[Black "Hillarp Persson, Tiger"]
[Result "1/2-1/2"]
[WhiteElo "2476"]
[BlackElo "2486"]
[Annotator "Ziegler,A"]
[PlyCount "31"]
[EventDate "2001.06.30"]
[EventType "tourn"]
[EventRounds "13"]
[EventCountry "SWE"]
[EventCategory "8"]
[SourceTitle "CBM 085"]
[Source "ChessBase"]
[SourceDate "2001.11.13"]
[SourceVersion "1"]
[SourceVersionDate "2001.11.13"]
[SourceQuality "1"]

1. Nf3 d5 2. g3 c6 3. Bg2 Bg4 {Det är många stora som spelar så här: Gelfand,
Karpov, Kramnik, Shirov. Det anses "vara det bästa". Svart får en solid
uppställning men mn egen erfarenhet är att det är svårt att skapa något eget
spel.} 4. Ne5 {Är inte så vanligt, men Lasse brukar spela så. Vart skall man
backa? Båda alternativen är i stort sett likvärdiga även om det är en smula
mer naturligt att backa till h5. Svart kunde spelat 3...Lf5, och om man backar
dit sänder man en signal till vit, typ: Nu går jag gärna till f5 eftersom du
har försvagat din ställning.} Bf5 5. d4 Nd7 {Tiger låter inte springaren vila
på e5.} 6. Nd3 {En defensiv reträtt. Vit kunde sockerat i lugn och ro.} g6 {
Tiger har både Grünfeld och Kungsindiskt på sin repertoar, och därför är g6
inte så överraskande.} ({Lite mer avslappnat ser:} 6... Ngf6 {ut att vara.} 7.
O-O e6 {Svart har inga problem.}) 7. c3 Bg7 8. Nd2 Ngf6 ({Lars Karlsson har ju
sina uppställningar. Tiger kan slå på d3, men då kan han aldrig spela på vinst.
Det blir е andra sidan svårt att göra det även för vit, för innan vit kan
expandera i centrum måste d4-punkten garderas, och när väl det är gjort så vet
vit ändå inte vad han skall göra där.} 8... Bxd3 9. exd3 Ngf6 10. O-O O-O 11.
Re1 e6 12. Nf3 a5 13. Ne5 {Vit står dock något friare.}) 9. O-O O-O 10. a4 a5
11. Qb3 Qc7 12. Nf3 Be4 13. Bf4 Qc8 14. Nfe5 Bxg2 15. Kxg2 Nxe5 16. Bxe5 {
En Ulf Anderssonremi, vilket menas "bra för båda". Tiger var trött efter resan.
Turneringen i Bornholm som Tiger för övrigt vann med en poängs marginal före
en rad stormästare avslutades i fredags. Han behövde sova. Att spela på vinst
hade tagit hårt på krafterna. Lasse spelar inte så flitigt nuförtiden, och
behöver några stärkande remier och kanske någon vinst för att känna att han
"kan spela schack mot de här grabbarna igen", typ.} 1/2-1/2